| Record ID | ia:visualbasicnetda0000step |
| Source | Internet Archive |
| Download MARC XML | https://archive.org/download/visualbasicnetda0000step/visualbasicnetda0000step_marc.xml |
| Download MARC binary | https://www.archive.org/download/visualbasicnetda0000step/visualbasicnetda0000step_meta.mrc |
LEADER: 09984cam 2201057Ia 4500
001 ocm52217272
003 OCoLC
005 20201023183449.0
008 030511s2002 inua o 001 0 eng d
006 m o d
007 cr cn|||||||||
010 $z 2002100463
040 $aN$T$beng$epn$cN$T$dOCLCQ$dYDXCP$dOCLCG$dOCLCQ$dIDEBK$dOCLCQ$dTUU$dOCLCQ$dTNF$dCEF$dTEFOD$dOCLCE$dVMI$dOCLCQ$dZCU$dOCLCA$dOCLCO$dOCLCF$dOCLCA$dOCLCQ$dOCLCO$dOCL$dOCLCQ$dTEFOD$dREB$dOCLCQ$dAZK$dSUR$dPIFBR$dOCLCQ$dWY@$dOCLCA$dN$T$dOCL$dMNS$dLUE$dRCC$dMUO$dOCLCQ$dOCLCO$dINT$dOCLCQ$dWYU$dGDC$dUAB$dVT2$dCNCEN$dZGM
019 $a54116183$a62751711$a606841433$a608885276$a729549688$a748106617$a748520489$a759517996$a961603263$a962569910$a984853358$a992068599$a1044276987$a1053379529$a1056376557$a1060976556$a1064905400$a1074285927$a1081072402$a1083175212$a1100830516$a1103251135$a1104449360$a1105771225$a1129140304
020 $a0768655188$q(electronic bk.)
020 $a9780768655186$q(electronic bk.)
020 $a0768664209$q(electronic bk.)
020 $a9780768664201$q(electronic bk.)
020 $z9780789726810
020 $z9786611075231
020 $z6611075232
020 $z0789726815
024 8 $a0789726815
035 $a(OCoLC)52217272$z(OCoLC)54116183$z(OCoLC)62751711$z(OCoLC)606841433$z(OCoLC)608885276$z(OCoLC)729549688$z(OCoLC)748106617$z(OCoLC)748520489$z(OCoLC)759517996$z(OCoLC)961603263$z(OCoLC)962569910$z(OCoLC)984853358$z(OCoLC)992068599$z(OCoLC)1044276987$z(OCoLC)1053379529$z(OCoLC)1056376557$z(OCoLC)1060976556$z(OCoLC)1064905400$z(OCoLC)1074285927$z(OCoLC)1081072402$z(OCoLC)1083175212$z(OCoLC)1100830516$z(OCoLC)1103251135$z(OCoLC)1104449360$z(OCoLC)1105771225$z(OCoLC)1129140304
037 $bOverDrive, Inc.$nhttp://www.overdrive.com
037 $a862EEC51-362D-4F2D-B2F3-5AF9951998C4$bOverDrive, Inc.$nhttp://www.overdrive.com
042 $adlr
050 4 $aQA76.73.B3$bS8343 2002eb
072 7 $aCOM$x051310$2bisacsh
072 7 $aCOM$x051280$2bisacsh
072 7 $aCOM$x051130$2bisacsh
072 7 $aUPLH2$2bicssc
082 04 $a005.13/3$221
100 1 $aStephens, Rod,$d1961-
245 10 $aVisual Basic . NET database programming /$cRod Stephens.
260 $aIndianapolis, Ind. :$bQue,$c©2002.
300 $a1 online resource (vii, 405 pages) :$billustrations
336 $atext$btxt$2rdacontent
337 $acomputer$bc$2rdamedia
338 $aonline resource$bcr$2rdacarrier
347 $atext file
500 $aIncludes index.
505 0 $aCover -- TOC36;Table of Contents -- INTRODUCTION -- Intended Audience -- How This Book Is Organized -- How To Use This Book -- Necessary Equipment -- Example Databases -- Online Samples44; Updates44; and Changes -- CH36;CHAPTER 1 Data Storage Alternatives -- Compiled In Data -- Registry -- Relational Databases -- Speci8226;c Relational Database Engines -- More Exotic Databases -- Summary -- CH36;CHAPTER 2 Database Design -- Application Design Approaches -- Requirements -- Entities -- Refining the Design -- Master45;Detail Relationships -- Normalization -- Keys -- Indexes -- Constraints -- Design Tools -- Designing Databases With Microsoft Access -- Building a Database with SQL -- Summary -- CH36;CHAPTER 3 Security -- Degrees of Security -- Controlling Privileges -- Controlling Access with Views -- SQL Server Security Procedures -- Summary -- CH36;CHAPTER 4 Off to See the Wizard -- Data Link Properties -- The Data Form Wizard -- Query Builder -- Data Adapter Con8226;guration Wizard -- Using The Data Adapter -- Summary -- CH36;CHAPTER 5 The DataSet Family of Objects -- DataSet -- DataTable -- DataRow -- DataColumn -- DataRelation -- DataView -- DataRowView -- Summary -- CH36;CHAPTER 6 Database Connections -- Data Connection Methods -- Program45;Generated Data -- XML Data -- SQL Server -- OLE DB -- Example Program RunScript -- Summary -- CH36;CHAPTER 7 XML Databases -- What Is XML63; -- Editing XML Files -- Schemas -- Loading XML Data in Visual Basic -- Saving XML Data From Visual Basic -- Overwriting Files -- Summary -- CH36;CHAPTER 8 Bound Controls -- Basic Binding -- Record Selection with Bound Controls -- Selecting a Calculated Field -- A TreeView Display -- DataViews -- Binding Controls with Code -- DataGrid -- Summary -- CH36;CHAPTER 9 Data Safety -- EasyDraw -- Storing Data -- Drawing Existing Objects -- Drawing New Objects -- DataSafe -- Menu Commands -- MRU List -- Data Validation -- Summary -- CH36;CHAPTER 10 A Single45;User Example -- A One45;Form Design -- A Tabbed Design -- Summary -- CH36;CHAPTER 11 Multi45;User Programming -- Program OrderEntryMultiUser -- Database Redesign -- Reservations -- Source Code -- Modi8226;cations -- Summary -- CH36;CHAPTER 12 Query By Example -- Features -- Programming the RecordList Form -- RecordList Form Internals -- Summary -- CH36;CHAPTER 13 Discovering Database Structure -- Learning About Servers -- Learning About Databases -- Learning About Tables -- Learning About Relationships -- Learning About Fields -- Meta45;Learning -- Program ExploreServer -- Program ExploreRelations -- Summary -- APPENDIX A SQL -- CREATE DATABASE -- DROP DATABASE -- ALTER DATABASE -- CREATE TABLE -- ALTER TABLE -- DROP TABLE -- CREATE INDEX App -- DROP INDEX -- CREATE VIEW -- DROP VIEW Part -- SELECT -- INSERT -- UPDATE -- DELETE -- Aggregate Functions -- Joins -- Summary -- APPENDIX B The Visual Basic 46;NET De.
520 $aVisual Basic.NET Database Programming teaches with real-world scenarios how to load, display, manipulate, modify and save data in databases. It shows the reader how to build multi-tier applications that implement enterprise-wide business solutions, build Web Servers, manage large amounts of data, find specific records, sort data, perform complex queries, and use XML--an integral part of data handling in Visual Basic.NET.
506 $3Use copy$fRestrictions unspecified$2star$5MiAaHDL
533 $aElectronic reproduction.$b[S.l.] :$cHathiTrust Digital Library,$d2010.$5MiAaHDL
538 $aMaster and use copy. Digital master created according to Benchmark for Faithful Digital Reproductions of Monographs and Serials, Version 1. Digital Library Federation, December 2002.$uhttp://purl.oclc.org/DLF/benchrepro0212$5MiAaHDL
583 1 $adigitized$c2010$hHathiTrust Digital Library$lcommitted to preserve$2pda$5MiAaHDL
588 0 $aPrint version record.
542 $fCopyright © Que$g2002
542 $fCopyright © Que$g2002
542 $fCopyright © Que$g2002
542 $fCopyright © Que$g2002
542 $fCopyright © Que$g2002
630 00 $aVisual Basic.
630 00 $aMicrosoft .NET Framework.
650 0 $aVisual Basic (Computer program language)
650 0 $aBASIC (Computer program language)
650 7 $aCOMPUTERS$xProgramming Languages$xC♯$2bisacsh
650 7 $aCOMPUTERS$xProgramming Languages$xJava.$2bisacsh
650 7 $aCOMPUTERS$xProgramming Languages$xPascal.$2bisacsh
630 07 $aMicrosoft .NET Framework.$2fast$0(OCoLC)fst01020083
650 7 $aBASIC (Computer program language)$2fast$0(OCoLC)fst00824832
650 7 $aVisual Basic (Computer program language)$2fast$0(OCoLC)fst01895814
655 4 $aElectronic books.
655 0 $aElectronic book.
776 08 $iPrint version:$aStephens, Rod, 1961-$tVisual Basic . NET database programming.$dIndianapolis, Ind. : Que, ©2002$z0789726815$w(DLC) 2002100463$w(OCoLC)49872453
856 40 $3EBSCOhost$uhttp://search.ebscohost.com/login.aspx?direct=true&scope=site&db=nlebk&db=nlabk&AN=81351
856 40 $3Google$uhttp://books.google.com/books?id=zoxQAAAAMAAJ
856 40 $3HathiTrust Digital Library, Limited view (search only)$uhttp://catalog.hathitrust.org/api/volumes/oclc/49872453.html
856 40 $3MyiLibrary$uhttp://www.myilibrary.com?id=107523
856 40 $3OverDrive$uhttps://www.overdrive.com/search?q=862EEC51-362D-4F2D-B2F3-5AF9951998C4
856 40 $3Safari Books Online$uhttp://proquest.safaribooksonline.com/0789726815
856 41 $3MyiLibrary, Table of contents$uhttp://www.myilibrary.com?id=107523&ref=toc
856 4 $3EBSCOhost$uhttp://search.ebscohost.com/login.aspx?direct=true&scope=site&db=nlebk&db=nlabk&AN=81351
856 4 $3Image$uhttp://images.contentreserve.com/ImageType-100/0447-1/{862EEC51-362D-4F2D-B2F3-5AF9951998C4}Img100.jpg
856 4 $3Safari Books Online$uhttp://proquest.safaribooksonline.com/0789726815
856 4 $uhttp://proxy.library.carleton.ca/login?url=http://proquest.safaribooksonline.com/?uiCode=carleton&xmlId=0789726815$zSafari (Access restricted to 5 simultaneous users)
856 40 $zVIEW FULL TEXT$uhttp://VH7QX3XE2P.search.serialssolutions.com/?V=1.0&L=VH7QX3XE2P&S=JCs&C=TC0000078560&T=marc&tab=BOOKS
856 40 $aEBSCOhost$uhttp://ezpro.cc.gettysburg.edu:2048/login?url=http://search.ebscohost.com/login.aspx?direct=true&scope=site&db=nlebk&db=nlabk&AN=81351$zThis ebook
856 40 $3University of Alberta Access$uhttps://www.safaribooksonline.com/library/view/-/0789726815/?ar$z(Unlimited Concurrent Users)$zfrom Safari
856 40 $zO'Reilly for Higher Education$uhttp://proxy.library.carleton.ca/login?url=https://www.safaribooksonline.com/library/view/-/0789726815/?ar
856 40 $uhttps://www.safaribooksonline.com/library/view/title/0789726815/?ar?orpq&email=^u
856 40 $zConnect to this resource online$uhttps://safarijv.auth0.com/authorize?client_id=UtNi1m1IRXgzYFIwZrhSxell9EDRaL2v&response_type=code&connection=centennial-college&redirect_uri=https://www.safaribooksonline.com/complete/auth0-oauth2/&state=/library/view/-/0789726815/?ar
856 4 $uhttp://www.netLibrary.com/urlapi.asp?action=summary&v=1&bookid=81351$zAvailable to CUNY Graduate Center users.$xproxy
938 $aEBSCOhost$bEBSC$n81351
938 $aProQuest MyiLibrary Digital eBook Collection$bIDEB$n107523
938 $aYBP Library Services$bYANK$n2339243
029 1 $aNZ1$b11771828
994 $aZ0$bP4A
948 $hNO HOLDINGS IN P4A - 764 OTHER HOLDINGS